The United States economy : performance and issues (Record no. 78509)

MARC details
000 -LEADER
fixed length control field 00928nam a2200205 a 4500
008 - FIXED-LENGTH DATA ELEMENTS--GENERAL INFORMATION
fixed length control field 060424s1992 ||||||||||||||||| || u
020 ## - INTERNATIONAL STANDARD BOOK NUMBER
International Standard Book Number 1557752311
050 ## - LIBRARY OF CONGRESS CALL NUMBER
Classification number IMF(02)
100 ## - MAIN ENTRY--PERSONAL NAME
Personal name Huriguchi, Yusuke
245 14 - TITLE STATEMENT
Title The United States economy : performance and issues
260 ## - PUBLICATION, DISTRIBUTION, ETC.
Place of publication, distribution, etc. Washington, D.C. :
Name of publisher, distributor, etc. International Monetary Fund
Date of publication, distribution, etc. 1992
300 ## - PHYSICAL DESCRIPTION
Extent vii, 599 p. : ill.
350 ## -
-- 0.00
500 ## - GENERAL NOTE
General note Includes bibliographical references.
650 ## - SUBJECT ADDED ENTRY--TOPICAL TERM
Topical term or geographic name entry element UNITED STATES - ECONOMIC CONDITIONS - 1981-
650 ## - SUBJECT ADDED ENTRY--TOPICAL TERM
Topical term or geographic name entry element UNITED STATES - ECONOMIC POLICY - 1981-1993
710 ## - ADDED ENTRY--CORPORATE NAME
Corporate name or jurisdiction name as entry element INTERNATIONAL MONETARY FUND(IMF)
995 ## -
-- SPECIAL COLLECTIONS
-- 0.00
-- 024508
-- CBU-MAIN LIBRARY (Kitwe)
-- 1
-- 0.00
-- IMF(02)1992/ 40B
-- 2
-- AVAILABLE
-- Apr 8, 2008
-- 024508
-- International Publications
995 ## -
-- SPECIAL COLLECTIONS
-- 0.00
-- 024507
-- CBU-MAIN LIBRARY (Kitwe)
-- 1
-- 35.00
-- IMF(02)1992/ 40A
-- 1
-- AVAILABLE
-- 024507
-- International Publications
999 ## -
-- 78509
-- 78509
Holdings
Withdrawn status Lost status Source of classification or shelving scheme Damaged status Not for loan Permanent Location Current Location Shelving location Date acquired Total Checkouts Full call number Barcode Date last seen Copy number Price effective from Koha item type
          CBU-MAIN LIBRARY, KITWE. CBU-MAIN LIBRARY, KITWE.   05/17/2023   IMF(02)1992/40B 024508 05/17/2023 1 05/17/2023 SPECIAL COLLECTION
          CBU-MAIN LIBRARY, KITWE. CBU-MAIN LIBRARY, KITWE.   05/17/2023   IMF(02)1992/40A 024507 05/17/2023 2 05/17/2023 SPECIAL COLLECTION